| 000 | 00606nam a22001817a 4500 | ||
|---|---|---|---|
| 005 | 20150417112129.0 | ||
| 010 | _aENG-112533 | ||
| 020 |
_a9789381904305 _c1225.00 |
||
| 035 | _aEN-96065 | ||
| 037 | _bDBAD/PUB | ||
| 082 | _a321.8095 | ||
| 245 | 0 | 0 |
_aAsia annual, 2011 : _cedited by Priya Singh...[et al] _bdemocracy in Asia : discourses and counter-discourses / |
| 260 |
_aNew Delhi _bKW Publishers _c2013 |
||
| 270 |
_a4676/21, First Floor, Ansari Road, Daryaganj, _bNew Delhi _e110002 |
||
| 300 |
_avi,315p. _c24cm(Hb) |
||
| 700 | _a Singh, Priya | ||
| 942 |
_2ddc _cEN _mASI _h321.8095 |
||
| 999 |
_c92594 _d92594 |
||